00301nam a2200121Ia 4500008004100000041001200041082002400053100002000077245003400097260002100131300000800152650001900160231217s9999 xx 000 0 und d aEnglish a001.6424BOR PAL`R' aPalmer, Scott D 0aProgramming in Borland Pascal c1993bSyber Tech a921 aBorland Pascal